000 01048nam0a22003131 4500
001 v19\rc\1807680
005 20250619125021.0
035 _a(NLR Aleph) 004908232
090 _a5449129
_c5449129
100 _a20071224e19061906|||y0rusy50 ca
101 0 _arus
102 _aRU
105 _ay z |||||
200 1 _aНесколько слов о табаке и его употреблении
210 _aНижний Новгород
_cтипо-лит. т-ва И.М. Машистова
_d1906
215 _a18 с.
_d24
300 _aВ конце текста: Вл. М-ов
311 _aОтт. из журн. "Старообрядец" за 1906 г., № 5
488 0 _12001#$aСтарообрядец$v1906, № 5
_tСтарообрядец
701 1 _aМ-ов
_bВл.
801 0 _aRU
_bNLR
_gpsbo
801 0 _aRU
_bRuMoRGB
_2psbo
801 1 _aRU
_bProSoft-M
_2rusmarc
852 _aNLR
_j34.50.4.1178
899 _aRuMoRGB
_jM 76/72
899 _aRuMoRGB
_jU 126/1957
899 _aRuMoRGB
_jU 272/712
942 _cBOOK
980 _aNB